The titan's curse: Percy and Jackson and the olympians book 3 (Record no. 9142)
[ view plain ]
| 000 -LEADER | |
|---|---|
| fixed length control field | 00945nam a22002177a 4500 |
| 003 - CONTROL NUMBER IDENTIFIER | |
| control field | OSt |
| 005 - DATE AND TIME OF LATEST TRANSACTION | |
| control field | 20260316053601.0 |
| 008 - FIXED-LENGTH DATA ELEMENTS--GENERAL INFORMATION | |
| fixed length control field | 260316b |||||||| |||| 00| 0 eng d |
| 020 ## - INTERNATIONAL STANDARD BOOK NUMBER | |
| International Standard Book Number | 978-142310148-2 |
| 040 ## - CATALOGING SOURCE | |
| Original cataloging agency | DWCL GS lib |
| Transcribing agency | OC |
| 082 ## - DEWEY DECIMAL CLASSIFICATION NUMBER | |
| Classification number | R585t 2007 |
| 100 ## - MAIN ENTRY--PERSONAL NAME | |
| Personal name | RIORDAN, RICK |
| 245 ## - TITLE STATEMENT | |
| Title | The titan's curse: Percy and Jackson and the olympians book 3 |
| Statement of responsibility, etc. | RICK RIORDAN |
| 260 ## - PUBLICATION, DISTRIBUTION, ETC. | |
| Place of publication, distribution, etc. | New York |
| Name of publisher, distributor, etc. | Disney.Hyperion Books |
| Date of publication, distribution, etc. | 2007 |
| 300 ## - PHYSICAL DESCRIPTION | |
| Extent | 312+ p |
| Dimensions | 19 cm |
| 520 ## - SUMMARY, ETC. | |
| Summary, etc. | Percy Jackson, Thalia Grace, and Grover Underwood rescue two powerful new demigods, Bianca and Nico di Angelo, but Annabeth Chase and the goddess Artemis are kidnapped by Titans. A team of Hunters and campers journeys to save them, facing a prophecy that two will die. |
| 650 ## - SUBJECT ADDED ENTRY--TOPICAL TERM | |
| Topical term or geographic name entry element | He grapples with the loss of friends, the burden of leadership |
| 650 ## - SUBJECT ADDED ENTRY--TOPICAL TERM | |
| Topical term or geographic name entry element | the risks of personal loyalty, the necessity of sacrifice |
| 700 ## - ADDED ENTRY--PERSONAL NAME | |
| Personal name | RICK RIORDAN |
| 942 ## - ADDED ENTRY ELEMENTS (KOHA) | |
| Source of classification or shelving scheme | Dewey Decimal Classification |
| Koha item type | Fiction |
| Suppress in OPAC | No |
No items available.